000 00539nam a22001817a 4500
005 20131009124631.0
010 _aENG-108089
020 _c400.00
_a9788173292415
035 _aEN-91622
037 _bDBAD/PUB
082 _a881
245 _aPash :
_ba poet of impossible dreams /
_ctranslated from Punjabi by T.C. Ghai
260 _aDelhi
_bShilalekh
_c2013
270 _a4/32, Subhash Gali, Vishwas Nagar, Shahdara
_bDelhi
_e110032
300 _a236p.
_c22cm(Hb)
700 _aGhai, T.C.
942 _2ddc
_cEN
_mPAS
_h881
999 _c77742
_d77742